Training Guide : (Record no. 78895)

MARC details
000 -LEADER
fixed length control field 00831nam a22002537a 4500
005 - DATE AND TIME OF LATEST TRANSACTION
control field 20130902152816.0
010 ## - LCCN (DPL NO)
LC control number ENG-108399
020 ## - INTERNATIONAL STANDARD BOOK NUMBER
Terms of availability 795.00
International Standard Book Number 9788120347649
035 ## - SYSTEM CONTROL NUMBER
System control number EN-91932
037 ## - SOURCE OF ACQUISITION
Source of stock number/acquisition DBAD/PUB
082 ## - DEWEY DECIMAL CLASSIFICATION NUMBER
Classification number 005.446
100 ## - MAIN ENTRY--PERSONAL NAME
Personal name Lowe, Scott D.
245 00 - TITLE STATEMENT
Title Training Guide :
Statement of responsibility, etc by Scott D. Lowe, Derek Schauland [and] Rick W. Vanover
Remainder of title configuring Windows 8 /
246 ## - VARYING FORM OF TITLE
Title proper/short title Configuring Windows 8
246 ## - VARYING FORM OF TITLE
Title proper/short title Configuring Windows 8 training guide
260 ## - PUBLICATION, DISTRIBUTION, ETC. (IMPRINT)
Place of publication, distribution, etc Delhi
Name of publisher, distributor, etc PHI Learning
Date of publication, distribution, etc 2013
270 ## - ADDRESS
Address Rimjhim house,111, Patparganj Industrial Estate
City Delhi
Postal code 110092
300 ## - PHYSICAL DESCRIPTION
Extent xxii,590p. :
Dimensions 24cm(pbk)
Other physical details ill.
500 ## - GENERAL NOTE
General note Includes index
650 ## - SUBJECT ADDED ENTRY--TOPICAL TERM
Topical term or geographic name as entry element Operating systems (Computers)
700 ## - ADDED ENTRY--PERSONAL NAME
Personal name Schauland, Derek
700 ## - ADDED ENTRY--PERSONAL NAME
Personal name Vanover, Rick W.
942 ## - ADDED ENTRY ELEMENTS (KOHA)
Source of classification or shelving scheme Dewey Decimal Classification
Item type English Books
Call number suffix LOW
Classification part 005.446
Holdings
Withdrawn status Lost status Not for loan Collection code Home library Current library Date acquired Source of acquisition Cost, normal purchase price Full call number Barcode Copy number Cost, replacement price Koha item type
    Not For Loan Non-fiction D.B.Act.Division D.B.Act.Division 29/08/2013 DBAD/PUB 795.00 005.446 LOW EN-91932 1 795.00 English Books

© Delhi Public Library
Hit Counter
free hit counter